000 00892nam a22002417a 4500
999 _c12113
_d12113
003 AR-CdUCM
008 190405b ||||| |||| 00| 0 spa d
040 _aMUNICIPALIDAD PROVINCIAL DEL CUSCO
_cBIBLIOTECA MUNICIPAL DEL CUSCO
041 _hita
082 _a110.9 /
_bM741 / 1942
_22ed.
100 _aMondolfo, Rodolfo
_94120
245 _aEl pensamiento antiguo :
_bHistoria de la filosofía greco-romana /
260 _aBuenos Aires :
_bLosada,
_c1942.
300 _a378 páginas ;
_c20 cm.
440 _n2
_910802
500 _at.2.: Desde Aristóteles hasta los Neoplatónicos.
505 _aContenido: t.2 Los Grandes sistemas -- El predominio del problema ético -- El predominio del problema religioso ...
650 _aHistoria.
_9136
650 _aFilosofía antigua
_95338
700 _aTri, Segundo A. (traductor)
_929799
942 _2ddc
_cLIBROS
945 _acmm
_d2019-04-05